[Event "Panama op 3rd"]
[Site "Panama City"]
[Date "2013.11.04"]
[Round "7"]
[White "De Armas Perez, Acela"]
[Black "Ferrara, Alexis"]
[Result "0-1"]
[WhiteElo "2036"]
[BlackElo "2166"]
[PlyCount "72"]
[EventDate "2013.10.30"]
[EventType "swiss"]
[EventRounds "9"]
[EventCountry "PAN"]
[SourceTitle "EXT 2014"]
[Source "ChessBase"]
[SourceDate "2013.11.20"]
[SourceVersion "1"]
[SourceVersionDate "2013.11.20"]
[SourceQuality "1"]

1. e4 c5 2. Nf3 e6 3. c3 Nf6 4. d3 Nc6 5. Be2 Qc7 6. 0-0 d5 7. Nbd2 Bd6 8. h3 b6 9. Re1 Bb7 10. Bf1 0-0-0 11. Qc2 Rdg8 12. exd5 exd5 13. d4 Kb8 14. a4 g5 15. Qf5 Rg6 16. Ne5 Bc8 17. Nxc6+ Qxc6 18. Qb1 g4 19. h4 g3 20. f3 Re8 21. Rd1 c4 22. b3 Bf4 23. Nxc4 Bxc1 24. Qxc1 dxc4 25. Bxc4 Nd5 26. Bxd5 Qxd5 27. Qf4+ Qd6 28. Qxd6+ Rxd6 29. c4 Bf5 30. Rac1 Re2 31. d5 Bc2 32. Rd4 f5 33. b4 Bxa4 34. c5 Rd8 35. d6 Rde8 36. Rf1 Re1 0-1

[Event "Panama op 3rd"]
[Site "Panama City"]
[Date "2013.11.02"]
[Round "3"]
[White "De Armas Perez, Acela"]
[Black "Cori Tello, Deysi Estella"]
[Result "0-1"]
[WhiteElo "2036"]
[BlackElo "2425"]
[PlyCount "80"]
[EventDate "2013.10.30"]
[EventType "swiss"]
[EventRounds "9"]
[EventCountry "PAN"]
[SourceTitle "EXT 2014"]
[Source "ChessBase"]
[SourceDate "2013.11.20"]
[SourceVersion "1"]
[SourceVersionDate "2013.11.20"]
[SourceQuality "1"]

1. e4 c5 2. Nf3 e6 3. c3 Nf6 4. e5 Nd5 5. c4 Nb4 6. a3 N4c6 7. Nc3 a6 8. Bd3 Qc7 9. Qe2 Nd4 10. Nxd4 cxd4 11. Na2 d6 12. exd6 Bxd6 13. Qg4 Be5 14. b4 0-0 15. Bb2 Nc6 16. Qh4 f5 17. 0-0 Bf6 18. Qh3 Ne7 19. f4 Ng6 20. g3 Bd7 21. Rac1 Rf7 22. b5 Qc5 23. Qg2 Rb8 24. Qf2 Rbf8 25. bxa6 e5 26. fxe5 Nxe5 27. Nb4 Bc6 28. Qxf5 g6 29. Qe6 Re8 30. Qh3 bxa6 31. g4 Nxd3 32. Nxd3 Qg5 33. Nf4 Re4 34. Qg3 Be5 35. h4 Bxf4 36. hxg5 Bxg3 37. Rxf7 Kxf7 38. Rf1+ Ke7 39. Rf6 Re1+ 40. Rf1 Re2 0-1

[Event "Panama op 3rd"]
[Site "Panama City"]
[Date "2013.10.30"]
[Round "1"]
[White "De Armas Perez, Acela"]
[Black "Leon Archibaldo, Orlando Andres"]
[Result "1/2-1/2"]
[WhiteElo "2036"]
[BlackElo "2032"]
[PlyCount "160"]
[EventDate "2013.10.30"]
[EventType "swiss"]
[EventRounds "9"]
[EventCountry "PAN"]
[SourceTitle "EXT 2014"]
[Source "ChessBase"]
[SourceDate "2013.11.20"]
[SourceVersion "1"]
[SourceVersionDate "2013.11.20"]
[SourceQuality "1"]

1. e4 c5 2. Nf3 d6 3. c3 Nf6 4. Be2 g6 5. 0-0 Bg7 6. d3 0-0 7. Nbd2 Nc6 8. a4 Rb8 9. h3 a6 10. d4 cxd4 11. Nxd4 Bd7 12. Nxc6 Bxc6 13. Qc2 Qc7 14. a5 d5 15. Bf3 Rbc8 16. Re1 Rfd8 17. exd5 Bxd5 18. Ne4 Nxe4 19. Bxe4 Qe5 20. Ra4 Bc6 21. Rb4 e6 22. Be3 Bxe4 23. Qxe4 Qxe4 24. Rxe4 Bf8 25. Bb6 Rd5 26. Rd4 Rxd4 27. Bxd4 Rd8 28. Kf1 Bd6 29. Bf6 Rc8 30. Rd1 Rc6 31. Ke2 Kf8 32. Rd4 e5 33. Rd5 Bc7 34. Bd8 Bd6 35. g4 Ke8 36. Bf6 Bc7 37. g5 Rc4 38. Kd3 Ra4 39. b4 Ra1 40. Bxe5 Bd8 41. Bf4 Rh1 42. Re5+ Kd7 43. Re3 Rg1 44. Rg3 Rf1 45. Be3 Bc7 46. Rg4 Rh1 47. Rh4 Rd1+ 48. Ke2 Rd5 49. Rxh7 Ke6 50. Rh8 Bd8 51. h4 Kd7 52. f4 Bc7 53. Rf8 Ke7 54. Rh8 Rf5 55. h5 gxh5 56. Rxh5 Bxf4 57. Bxf4 Rxf4 58. Rh6 Kd7 59. Rb6 Kc7 60. Rf6 Re4+ 61. Kd3 Re7 62. Kd4 Kc8 63. Rf5 Kb8 64. Re5 Rc7 65. c4 Rc6 66. Re8+ Ka7 67. b5 axb5 68. cxb5 Rc1 69. Kd5 Rg1 70. Re5 Rf1 71. Ke4 f6 72. Rf5 Re1+ 73. Kd5 fxg5 74. Rxg5 Ra1 75. b6+ Ka6 76. Kd6 Rh1 77. Rc5 Rh6+ 78. Kc7 Rh7+ 79. Kb8 Rh8+ 80. Rc8 Rh7 1/2-1/2

[Event "CUB-ch (Women)"]
[Site "Cuba"]
[Date "1999.??.??"]
[Round "?"]
[White "Campos Vila, Milena"]
[Black "De Armas Perez, Acela"]
[Result "1-0"]
[WhiteElo "2105"]
[BlackElo "2175"]
[PlyCount "62"]
[EventDate "1999.??.??"]
[EventType "tourn"]
[EventRounds "13"]
[EventCountry "CUB"]
[SourceTitle "EXT 2000"]
[Source "ChessBase"]
[SourceDate "1999.11.16"]
[SourceVersion "1"]
[SourceVersionDate "1999.11.16"]
[SourceQuality "1"]

1. e4 c5 2. c3 Nf6 3. e5 Nd5 4. d4 cxd4 5. Nf3 e6 6. cxd4 d6 7. a3 Qc7 8. Bd3 Nc6 9. 0-0 dxe5 10. dxe5 Nxe5 11. Nxe5 Qxe5 12. Bb5+ Bd7 13. Bxd7+ Kxd7 14. Re1 Qd6 15. Qf3 Ke8 16. Nd2 Rc8 17. Ne4 Qd7 18. Bg5 Be7 19. Rad1 Kf8 20. b4 b6 21. h3 h6 22. Bc1 Kg8 23. Bb2 f5 24. Nc3 Rxc3 25. Bxc3 Kh7 26. Bb2 Re8 27. Qg3 Bf6 28. Be5 Qf7 29. Bxf6 gxf6 30. Qf3 f4 31. Qe4+ f5 1-0

[Event "CUB-ch (Women)"]
[Site "Cuba"]
[Date "1999.??.??"]
[Round "?"]
[White "Fandino Reyes, Roquelina"]
[Black "De Armas Perez, Acela"]
[Result "0-1"]
[WhiteElo "2187"]
[BlackElo "2175"]
[PlyCount "68"]
[EventDate "1999.??.??"]
[EventType "tourn"]
[EventRounds "13"]
[EventCountry "CUB"]
[SourceTitle "EXT 2000"]
[Source "ChessBase"]
[SourceDate "1999.11.16"]
[SourceVersion "1"]
[SourceVersionDate "1999.11.16"]
[SourceQuality "1"]

1. e4 c5 2. Nf3 Nc6 3. c4 e6 4. Nc3 d6 5. a3 Nf6 6. Rb1 d5 7. e5 Ng4 8. Qe2 d4 9. h3 Nh6 10. Ne4 Qc7 11. d3 Nxe5 12. Bxh6 Nxf3+ 13. Qxf3 gxh6 14. Nf6+ Kd8 15. Be2 Be7 16. 0-0 Qe5 17. Ng4 Qg7 18. b4 h5 19. Nh2 cxb4 20. axb4 Rg8 21. Rfe1 a5 22. b5 Bb4 23. Red1 Rb8 24. Bf1 b6 25. Qxh5 e5 26. Nf3 f6 27. Nd2 Rb7 28. f3 Bxd2 29. Rxd2 Qg5 30. Qxg5 Rxg5 31. Kf2 Kc7 32. Rc2 Kd6 33. c5+ bxc5 34. Rbc1 Rc7 0-1

[Event "CUB-ch (Women)"]
[Site "Cuba"]
[Date "1999.??.??"]
[Round "?"]
[White "Frometa Castillo, Zirka"]
[Black "De Armas Perez, Acela"]
[Result "1-0"]
[WhiteElo "2190"]
[BlackElo "2175"]
[PlyCount "61"]
[EventDate "1999.??.??"]
[EventType "tourn"]
[EventRounds "13"]
[EventCountry "CUB"]
[SourceTitle "EXT 2000"]
[Source "ChessBase"]
[SourceDate "1999.11.16"]
[SourceVersion "1"]
[SourceVersionDate "1999.11.16"]
[SourceQuality "1"]

1. d4 Nf6 2. Nf3 d6 3. c4 c6 4. Nc3 Nbd7 5. e4 e5 6. Be2 Be7 7. 0-0 0-0 8. a3 a6 9. b4 b5 10. c5 Qc7 11. dxe5 dxe5 12. Ne1 Rd8 13. Nd3 Nf8 14. f4 exf4 15. Bxf4 Qb7 16. Qe1 Ng6 17. Bd6 Be6 18. Qf2 a5 19. h4 axb4 20. axb4 Ne8 21. h5 Rxa1 22. Rxa1 Nf8 23. e5 f6 24. Nf4 fxe5 25. Nxe6 Nxe6 26. Bg4 Ng5 27. Bxe5 Bf6 28. Re1 h6 29. Bd1 Bxe5 30. Rxe5 Nf6 31. Qe3 1-0

[Event "Capablanca Memorial Masters II"]
[Site "Havana"]
[Date "1998.??.??"]
[Round "1"]
[White "Elissalt Cardenas, Hector"]
[Black "De Armas Perez, Acela"]
[Result "1-0"]
[WhiteElo "2405"]
[BlackElo "2155"]
[PlyCount "39"]
[EventDate "1998.05.??"]
[EventType "tourn"]
[EventRounds "13"]
[EventCountry "CUB"]
[EventCategory "1"]
[SourceTitle "EXT 1999"]
[Source "ChessBase"]
[SourceDate "1998.11.16"]
[SourceVersion "1"]
[SourceVersionDate "1998.11.16"]
[SourceQuality "1"]

1. d4 Nf6 2. c4 d6 3. Nc3 Nbd7 4. e4 e5 5. Nge2 Be7 6. g3 0-0 7. Bg2 exd4 8. Nxd4 Ne5 9. Qe2 Bg4 10. f3 c5 11. Nc2 Be6 12. b3 Nh5 13. 0-0 f5 14. f4 Ng4 15. Bd2 Rf6 16. Ne3 Nxe3 17. Bxe3 Rh6 18. exf5 Bf6 19. fxe6 Bxc3 20. Rac1 1-0

[Event "CUB-ch (Women)"]
[Site "Matanzas"]
[Date "1998.??.??"]
[Round "?"]
[White "Pina Vega, Sulennis"]
[Black "De Armas Perez, Acela"]
[Result "1-0"]
[WhiteElo "2185"]
[BlackElo "2155"]
[PlyCount "65"]
[EventDate "1998.??.??"]
[EventType "tourn"]
[EventRounds "11"]
[EventCountry "CUB"]
[SourceTitle "EXT 2003"]
[Source "ChessBase"]
[SourceDate "2002.11.25"]
[SourceVersion "1"]
[SourceVersionDate "2002.11.25"]
[SourceQuality "1"]

1. e4 e5 2. Nf3 d6 3. d4 Nd7 4. Bc4 c6 5. a4 Be7 6. 0-0 h6 7. Nc3 Ngf6 8. Re1 a5 9. h3 Qc7 10. Nh4 Nb6 11. Bb3 g5 12. dxe5 dxe5 13. Nf5 Bxf5 14. exf5 Nbd7 15. Qe2 Rh7 16. Ne4 Nxe4 17. Qxe4 Bf6 18. Be3 0-0-0 19. c3 h5 20. g3 Be7 21. Qb1 Kb8 22. Bc2 f6 23. b4 Bd6 24. Be4 axb4 25. cxb4 Nb6 26. Rc1 Bf8 27. Qb3 Rhd7 28. a5 Nd5 29. Bxd5 Rxd5 30. Bb6 Qd7 31. Bxd8 Qxd8 32. a6 Rd3 33. Rd1 1-0

[Event "Capablanca Memorial Masters II"]
[Site "Havana"]
[Date "1998.??.??"]
[Round "10"]
[White "Segal, Alexandru Sorin"]
[Black "De Armas Perez, Acela"]
[Result "1/2-1/2"]
[WhiteElo "2330"]
[BlackElo "2155"]
[PlyCount "75"]
[EventDate "1998.05.??"]
[EventType "tourn"]
[EventRounds "13"]
[EventCountry "CUB"]
[EventCategory "1"]
[SourceTitle "EXT 1999"]
[Source "ChessBase"]
[SourceDate "1998.11.16"]
[SourceVersion "1"]
[SourceVersionDate "1998.11.16"]
[SourceQuality "1"]

1. d4 Nf6 2. c4 d6 3. Nc3 Nbd7 4. e4 e5 5. Nge2 Be7 6. g3 exd4 7. Nxd4 Ne5 8. h3 Bd7 9. f4 Nc6 10. Nc2 g6 11. Be3 Nh5 12. Bf2 Bf6 13. Qf3 Bxc3+ 14. Qxc3 Qf6 15. Qxf6 Nxf6 16. Bg2 h5 17. c5 0-0-0 18. 0-0-0 dxc5 19. e5 Ng8 20. Bxc5 Nge7 21. Nd4 Rhe8 22. Nf3 Be6 23. b3 b6 24. Bxe7 Nxe7 25. Ng5 Nf5 26. Bc6 Nxg3 27. Bxe8 Nxh1 28. Bxf7 Rxd1+ 29. Kxd1 Bxf7 30. Nxf7 Nf2+ 31. Ke2 Nxh3 32. Kf3 Kd7 33. Kg3 Ng1 34. Kf2 Nh3+ 35. Kg3 Ng1 36. Kf2 Nh3+ 37. Kg3 Ng1 38. Kf2 1/2-1/2

[Event "Capablanca Memorial (Women)"]
[Site "Matanzas"]
[Date "1995.??.??"]
[Round "?"]
[White "De Armas Perez, Acela"]
[Black "Arribas Robaina, Maritza"]
[Result "0-1"]
[WhiteElo "2170"]
[BlackElo "2200"]
[PlyCount "94"]
[EventDate "1995.??.??"]
[EventType "tourn"]
[EventRounds "13"]
[EventCountry "CUB"]
[SourceTitle "EXT 2000"]
[Source "ChessBase"]
[SourceDate "1999.11.16"]
[SourceVersion "1"]
[SourceVersionDate "1999.11.16"]
[SourceQuality "1"]

1. e4 d6 2. d4 Nd7 3. Nf3 c6 4. c4 e5 5. Nc3 Ngf6 6. Be2 Be7 7. 0-0 0-0 8. Qc2 Qc7 9. b3 Re8 10. h3 Nf8 11. a4 Ne6 12. Be3 Nh5 13. g3 Bf6 14. dxe5 dxe5 15. Rfd1 Nd4 16. Nxd4 exd4 17. Bxh5 dxe3 18. f4 Bxc3 19. Qxc3 Rxe4 20. Bf3 Re8 21. Kh2 a5 22. Rd3 Qb6 23. Re1 Bf5 24. Rdxe3 Rxe3 25. Qxe3 Qxe3 26. Rxe3 Kf8 27. g4 Bb1 28. Kg3 Re8 29. Rc3 Rd8 30. Rc1 Ba2 31. Rd1 Rxd1 32. Bxd1 Ke7 33. f5 Kd6 34. Kf4 f6 35. h4 Kc5 36. g5 Kb4 37. Kg4 Bxb3 38. Bxb3 Kxb3 39. Kh5 Kxa4 40. gxf6 gxf6 41. Kh6 Kb3 42. Kxh7 a4 43. h5 a3 44. h6 a2 45. Kg7 a1Q 46. h7 Qg1+ 47. Kxf6 Qg4 0-1

[Event "Capablanca Memorial (Women)"]
[Site "Matanzas"]
[Date "1995.??.??"]
[Round "?"]
[White "De Armas Perez, Acela"]
[Black "Fandino Reyes, Roquelina"]
[Result "1-0"]
[WhiteElo "2170"]
[BlackElo "2155"]
[PlyCount "84"]
[EventDate "1995.??.??"]
[EventType "tourn"]
[EventRounds "13"]
[EventCountry "CUB"]
[SourceTitle "EXT 2000"]
[Source "ChessBase"]
[SourceDate "1999.11.16"]
[SourceVersion "1"]
[SourceVersionDate "1999.11.16"]
[SourceQuality "1"]

1. e4 e5 2. Nf3 Nc6 3. Nc3 Nf6 4. d4 Bb4 5. Nxe5 Nxe4 6. Qg4 Nxc3 7. Qxg7 Rf8 8. a3 Ba5 9. Nxc6 dxc6 10. Qe5+ Qe7 11. Qxe7+ Kxe7 12. Bd2 Bf5 13. bxc3 Bxc2 14. c4 Bxd2+ 15. Kxd2 Bg6 16. h4 Rad8 17. Kc3 h5 18. Re1+ Kd7 19. Rh3 Rde8 20. Rhe3 Rxe3+ 21. Rxe3 c5 22. dxc5 Kc6 23. Re5 f6 24. Re7 Kxc5 25. Rxc7+ Kb6 26. Re7 Be8 27. g3 Bc6 28. Be2 Re8 29. Rxe8 Bxe8 30. Kd4 Ka5 31. Bd1 Bf7 32. Bf3 b6 33. Bc6 a6 34. c5 b5 35. Bb7 Be6 36. Ke4 Bg4 37. Kf4 Be6 38. f3 Ka4 39. Bxa6 Bd5 40. g4 hxg4 41. fxg4 Bc6 42. h5 Kxa3 1-0

[Event "Isla Guitart op"]
[Site "Isla Guitart "]
[Date "1994.??.??"]
[Round "?"]
[White "De Armas Perez, Acela"]
[Black "Barrios, Felix"]
[Result "0-1"]
[WhiteElo "2125"]
[BlackElo "2315"]
[PlyCount "40"]
[EventDate "1994.??.??"]
[EventType "swiss"]
[EventRounds "9"]
[EventCountry "CUB"]
[SourceTitle "EXT 2000"]
[Source "ChessBase"]
[SourceDate "1999.11.16"]
[SourceVersion "1"]
[SourceVersionDate "1999.11.16"]
[SourceQuality "1"]

1. e4 c5 2. Nf3 e6 3. c3 d5 4. exd5 exd5 5. d4 Nc6 6. Bb5 Bd6 7. dxc5 Bxc5 8. 0-0 Nge7 9. Nbd2 0-0 10. Nb3 Bb6 11. Bg5 Bg4 12. Be2 Qd6 13. Nbd4 Rfe8 14. Be3 Nxd4 15. Bxd4 Bxd4 16. Qxd4 Nc6 17. Qxg4 Rxe2 18. Rfe1 Rxb2 19. Re3 Rf8 20. Nh4 Ne5 0-1

[Event "Isla Guitart op"]
[Site "Isla Guitart "]
[Date "1994.??.??"]
[Round "?"]
[White "De Armas Perez, Acela"]
[Black "Corzo, Amaury"]
[Result "1/2-1/2"]
[WhiteElo "2125"]
[BlackElo "2345"]
[PlyCount "72"]
[EventDate "1994.??.??"]
[EventType "swiss"]
[EventRounds "9"]
[EventCountry "CUB"]
[SourceTitle "EXT 2000"]
[Source "ChessBase"]
[SourceDate "1999.11.16"]
[SourceVersion "1"]
[SourceVersionDate "1999.11.16"]
[SourceQuality "1"]

1. e4 c5 2. Nf3 d6 3. c3 Nf6 4. Be2 g6 5. 0-0 Bg7 6. d3 0-0 7. Nbd2 Nc6 8. a4 e5 9. Nc4 Re8 10. Bg5 h6 11. Bh4 Be6 12. Qc2 Qd7 13. h3 Nh5 14. Nh2 Nf4 15. Ng4 d5 16. Nce3 d4 17. Nd1 g5 18. Bg3 Nxe2+ 19. Qxe2 h5 20. Nxe5 Nxe5 21. Qxh5 Qe7 22. f4 gxf4 23. Rxf4 Ng6 24. Rf3 Bd7 25. c4 Be5 26. Nf2 Kg7 27. Ng4 Bxg4 28. Qxg4 Bxg3 29. Qxg3 b6 30. Raf1 Rf8 31. Rf5 Rac8 32. Rg5 Rc6 33. h4 Re6 34. Rff5 Kh6 35. Rh5+ Kg7 36. Rhg5 Kh6 1/2-1/2

[Event "Havana op"]
[Site "Havana"]
[Date "1994.??.??"]
[Round "2"]
[White "De Armas Perez, Acela"]
[Black "Leyva, Hector"]
[Result "1-0"]
[WhiteElo "2125"]
[BlackElo "2300"]
[PlyCount "87"]
[EventDate "1994.04.??"]
[EventType "swiss"]
[EventRounds "9"]
[EventCountry "CUB"]
[SourceTitle "EXT 1997"]
[Source "ChessBase"]
[SourceDate "1996.11.15"]
[SourceVersion "1"]
[SourceVersionDate "1996.11.15"]
[SourceQuality "1"]

1. e4 c6 2. d4 d5 3. Nd2 dxe4 4. Nxe4 Nd7 5. Nf3 Ngf6 6. Nxf6+ Nxf6 7. Bc4 Bf5 8. 0-0 e6 9. c3 Bg4 10. h3 Bh5 11. Be2 Bd6 12. Ne5 Bxe2 13. Qxe2 h6 14. Re1 0-0 15. Qf3 a5 16. a4 Bxe5 17. dxe5 Nd5 18. Qg4 Kh7 19. Qe4+ Kh8 20. Qc2 b5 21. b3 Qe7 22. Re4 Rfd8 23. Ba3 Qg5 24. Bd6 f5 25. h4 Qh5 26. Rd4 Rac8 27. c4 c5 28. Rxd5 exd5 29. axb5 d4 30. Rxa5 Ra8 31. Qa2 Qe8 32. b6 Rxa5 33. Qxa5 Ra8 34. Qxc5 Ra1+ 35. Kh2 Rd1 36. b7 Qh5 37. b8Q+ Kh7 38. Qd8 Qg4 39. e6 Qe4 40. Qe5 Qb1 41. Qf8 Rh1+ 42. Kg3 f4+ 43. Qfxf4 Qg6+ 44. Qg4 1-0

[Event "Havana op"]
[Site "Havana"]
[Date "1994.??.??"]
[Round "4"]
[White "Gutierrez Torres, Rogelio"]
[Black "De Armas Perez, Acela"]
[Result "0-1"]
[WhiteElo "2285"]
[BlackElo "2125"]
[PlyCount "40"]
[EventDate "1994.04.??"]
[EventType "swiss"]
[EventRounds "9"]
[EventCountry "CUB"]
[SourceTitle "EXT 1997"]
[Source "ChessBase"]
[SourceDate "1996.11.15"]
[SourceVersion "1"]
[SourceVersionDate "1996.11.15"]
[SourceQuality "1"]

1. e4 c5 2. Nf3 Nc6 3. d4 cxd4 4. Nxd4 Nf6 5. Nc3 e5 6. Ndb5 d6 7. Bg5 a6 8. Na3 b5 9. Nd5 Be7 10. Nxe7 Nxe7 11. c4 Nxe4 12. Bxe7 Qa5+ 13. Ke2 Kxe7 14. Qe1 Qa4 15. f3 Nf6 16. Qc1 b4 17. Nc2 b3 18. axb3 Qxb3 19. Kf2 Rb8 20. Rb1 Bf5 0-1

[Event "Havana op"]
[Site "Havana"]
[Date "1994.??.??"]
[Round "8"]
[White "Moreno, Alejandro"]
[Black "De Armas Perez, Acela"]
[Result "1-0"]
[WhiteElo "2310"]
[BlackElo "2125"]
[PlyCount "69"]
[EventDate "1994.04.??"]
[EventType "swiss"]
[EventRounds "9"]
[EventCountry "CUB"]
[SourceTitle "EXT 1997"]
[Source "ChessBase"]
[SourceDate "1996.11.15"]
[SourceVersion "1"]
[SourceVersionDate "1996.11.15"]
[SourceQuality "1"]

1. d4 Nf6 2. c4 d6 3. Nc3 Nbd7 4. e4 e5 5. Nge2 Be7 6. f3 c6 7. Be3 Qa5 8. d5 0-0 9. Qd2 a6 10. Nc1 Qd8 11. Be2 Ne8 12. 0-0 h6 13. b4 Bg5 14. Nb3 c5 15. bxc5 dxc5 16. Bxg5 hxg5 17. d6 Qf6 18. Rfd1 Qf4 19. Qxf4 gxf4 20. a4 g6 21. a5 Ng7 22. Na4 Ne6 23. Rd5 Rd8 24. Rb1 f6 25. Nbxc5 Nexc5 26. Nxc5 Nxc5 27. Rxc5 Rxd6 28. Rc7 Rd2 29. Kf1 Ra2 30. c5 Be6 31. Rb6 Ra1+ 32. Kf2 Rc8 33. Rxc8+ Bxc8 34. c6 bxc6 35. Rb8 1-0

[Event "Capablanca Memorial (Women)"]
[Site "Cienfuegos"]
[Date "1991.??.??"]
[Round "10"]
[White "De Armas Perez, Acela"]
[Black "Arribas Robaina, Maritza"]
[Result "0-1"]
[WhiteElo "2210"]
[BlackElo "2210"]
[PlyCount "76"]
[EventDate "1991.??.??"]
[EventType "tourn"]
[EventRounds "13"]
[EventCountry "CUB"]
[SourceTitle "TD"]
[Source "ChessBase"]
[SourceDate "1994.03.01"]
[SourceVersion "1"]
[SourceVersionDate "1994.03.01"]
[SourceQuality "1"]

1. e4 e6 2. d4 d5 3. Nd2 Nc6 4. c3 e5 5. exd5 Qxd5 6. Ngf3 exd4 7. Bc4 Qf5 8. cxd4 Be6 9. 0-0 0-0-0 10. Bxe6+ Qxe6 11. Re1 Qd5 12. Nb3 Nf6 13. Be3 Bb4 14. Re2 Rhe8 15. h3 Ne4 16. Rc1 h5 17. Rec2 Kb8 18. Qf1 g5 19. Rxc6 bxc6 20. Ne5 Re6 21. Rc4 c5 22. a3 f6 23. axb4 fxe5 24. bxc5 Rg8 25. Rb4+ Ka8 26. dxe5 g4 27. h4 g3 28. f3 Nf2 29. Nd4 Rxe5 30. Nb5 Re7 31. Bxf2 gxf2+ 32. Qxf2 c6 33. Nc3 Qe5 34. Re4 Qf6 35. Rxe7 Qxe7 36. Ne4 Qe5 37. Qe2 Rb8 38. Qa6 Qd5 0-1

[Event "Capablanca Memorial (Women)"]
[Site "Cienfuegos"]
[Date "1991.??.??"]
[Round "6"]
[White "De Armas Perez, Acela"]
[Black "Hernandez Alvarez, Tania Regla"]
[Result "1-0"]
[WhiteElo "2210"]
[BlackElo "2095"]
[PlyCount "27"]
[EventDate "1991.??.??"]
[EventType "tourn"]
[EventRounds "13"]
[EventCountry "CUB"]
[SourceTitle "TD"]
[Source "ChessBase"]
[SourceDate "1994.03.01"]
[SourceVersion "1"]
[SourceVersionDate "1994.03.01"]
[SourceQuality "1"]

1. e4 c5 2. Nf3 Nc6 3. c3 e5 4. Bc4 Qc7 5. 0-0 Nf6 6. Ng5 Nd8 7. f4 exf4 8. e5 d5 9. exf6 dxc4 10. d4 cxd4 11. Bxf4 Bd6 12. fxg7 Rg8 13. Bxd6 Qxd6 14. Ne4 1-0

[Event "Capablanca Memorial (Women)"]
[Site "Cienfuegos"]
[Date "1991.??.??"]
[Round "8"]
[White "De Armas Perez, Acela"]
[Black "Shumiakina, Tatiana"]
[Result "1/2-1/2"]
[WhiteElo "2210"]
[BlackElo "2290"]
[PlyCount "20"]
[EventDate "1991.??.??"]
[EventType "tourn"]
[EventRounds "13"]
[EventCountry "CUB"]
[SourceTitle "TD"]
[Source "ChessBase"]
[SourceDate "1994.03.01"]
[SourceVersion "1"]
[SourceVersionDate "1994.03.01"]
[SourceQuality "1"]

1. e4 c5 2. Nf3 Nc6 3. c3 e5 4. Bc4 Qc7 5. 0-0 Nf6 6. Ng5 Nd8 7. f4 exf4 8. e5 d5 9. exf6 dxc4 10. d3 cxd3 1/2-1/2

[Event "Capablanca Memorial (Women)"]
[Site "Cienfuegos"]
[Date "1991.??.??"]
[Round "9"]
[White "Sanchez Cabrera, Circe"]
[Black "De Armas Perez, Acela"]
[Result "1/2-1/2"]
[WhiteElo "2290"]
[BlackElo "2210"]
[PlyCount "73"]
[EventDate "1991.??.??"]
[EventType "tourn"]
[EventRounds "13"]
[EventCountry "CUB"]
[SourceTitle "TD"]
[Source "ChessBase"]
[SourceDate "1994.03.01"]
[SourceVersion "1"]
[SourceVersionDate "1994.03.01"]
[SourceQuality "1"]

1. e4 c5 2. f4 d5 3. exd5 Nf6 4. Nf3 Nxd5 5. Ne5 g6 6. Qf3 Qd6 7. Nc3 Nxc3 8. dxc3 Nd7 9. Bb5 a6 10. Bxd7+ Bxd7 11. Qxb7 Rb8 12. Qa7 Bc8 13. Be3 Qb6 14. Qxb6 Rxb6 15. 0-0-0 e6 16. Rd2 f6 17. Nc4 Rc6 18. Rhd1 Be7 19. Nd6+ Bxd6 20. Rxd6 Rxd6 21. Rxd6 c4 22. Rc6 Kd7 23. Rxc4 e5 24. fxe5 fxe5 25. Bb6 Ke6 26. Rc7 h5 27. Kd2 Rf8 28. c4 Kf5 29. c5 Ke4 30. c6 Bf5 31. Rg7 Rf6 32. Rc7 Rd6+ 33. Kc3 Kd5 34. b3 Be4 35. g3 Bf5 36. Kd2 Ke4+ 37. Kc3 1/2-1/2

[Event "Olympiad Women-29"]
[Site "Novi Sad"]
[Date "1990.11.26"]
[Round "9"]
[White "Segal, Anna"]
[Black "De Armas Perez, Acela"]
[Result "1-0"]
[WhiteElo "2060"]
[BlackElo "2100"]
[PlyCount "59"]
[EventDate "1990.11.17"]
[EventType "team-swiss"]
[EventRounds "14"]
[EventCountry "YUG"]
[SourceTitle "EXT 2019"]
[Source "ChessBase"]
[SourceDate "2018.10.10"]
[SourceVersion "1"]
[SourceVersionDate "2018.10.10"]
[SourceQuality "1"]
[WhiteTeam "Israel (W)"]
[BlackTeam "Cuba (W)"]
[WhiteTeamCountry "ISR"]
[BlackTeamCountry "CUB"]

1. e4 c5 2. c3 Nf6 3. e5 Nd5 4. d4 cxd4 5. Nf3 e6 6. cxd4 b6 7. Nc3 Bb7 8. Bd3 Nxc3 9. bxc3 Qc7 10. Bd2 d6 11. 0-0 Nd7 12. Bf4 Be7 13. Re1 0-0 14. Rc1 g6 15. Re3 Bxf3 16. Qxf3 dxe5 17. dxe5 Rfd8 18. Qg3 Nc5 19. Bc2 Rd7 20. h4 Bf8 21. h5 Qb7 22. Qh4 Qa6 23. Rh3 Qxa2 24. hxg6 fxg6 25. Bxg6 hxg6 26. Qh8+ Kf7 27. Rf3 Rd3 28. Be3+ Ke7 29. Bxc5+ bxc5 30. Rxd3 1-0